000 00516nam a22001697a 4500
005 20251108173112.0
008 250721s2004 xx 000 0 ara d
082 1 4 _a215.19/سعو
100 1 _aأبو السعود، صلاح
245 1 0 _aالمعتزلة : نشأتهم , فرقهم , آرائهم /
264 1 _aمصر :
_bمكتبة النافذة،
_c2004.
650 1 7 _aالفرق الإسلامية
650 1 7 _aالمعتزلة
650 1 7 _aعلم الكلام
942 _2ddc
_cBK
999 _c96084
_d96084